00406nam a22001337a 4500003000400000008004100004082001800045100001700063245010700080260003200187300000900219502001500228650002900243OSt260429b |||||||| |||| 00| 0 eng d a634.725bR14T aKumar, Rajiv aImproving Yield and Quality attributes of Cape Goose Berry With Chemicals and Plant Growth Regulators  aPusa, SamastipurbRAUc2002 a64P. bMsc.d2002 aFruit & Fruit Technology